000 00483nam a22001817a 4500
005 20180502103144.0
010 _aENG-122844
020 _a9789386338747
_c299.00
035 _aEN-106376
037 _bDBAD/PUB
082 _aN
100 _aRabe, Nate
245 _aThe shah ofchicago /
_cby Nate Rabe
260 _aNew Delhi
_bSpeaking Tiger
_c2017
270 _a4381/4, Ansari Road, Daryaganj,
_bNew Delhi
_e110002
300 _a268p.
_c21cm(pbk)
942 _2ddc
_cEN
_mNAT
_hN
999 _c151817
_d151817